[Event "13. Lovsprings EMT Basis 2 2002"]
[Site "Ringsted"]
[Date "2002.04.19"]
[Round "6"]
[White "Christensen, Michael"]
[Black "Larsen, Dennis"]
[Result "1/2-1/2"]
[WhiteElo "1419"]
[BlackElo "1584"]
[PlyCount "89"]
[EventDate "2002.??.??"]

1. Nf3 d5 2. d4 Nf6 3. c4 e6 4. Bf4 c5 5. e3 Nbd7 6. Nc3 Qa5 7. Bd3 Be7 8. O-O
dxc4 9. Bxc4 O-O 10. Qc2 a6 11. d5 exd5 12. Nxd5 Nxd5 13. Bxd5 Nf6 14. Bb3 b5
15. a3 Bb7 16. Nd2 Rad8 17. e4 c4 18. Ba2 Rfe8 19. Rad1 Qb6 20. Bb1 Nh5 21. Be3
Qg6 22. f3 Rd3 23. Rfe1 Bg5 24. Nf1 Bxe3+ 25. Nxe3 Red8 26. Rxd3 cxd3 27. Qc7
Qd6 28. Qxd6 Rxd6 29. Rd1 Nf4 30. g3 Ne6 31. Rxd3 Rxd3 32. Bxd3 Nc5 33. Bc2 Kf8
34. Kf2 Ne6 35. Nf5 g6 36. Ne3 Nd4 37. Bd1 Ke7 38. Nc2 Nc6 39. Ke3 f6 40. h3
Ne5 41. Be2 Nd7 42. Kd4 Kd6 43. Ne3 Nc5 44. Bd1 Ne6+ 45. Kc3 1/2-1/2

[Event "13. Lovsprings EMT Basis 2 2002"]
[Site "Ringsted"]
[Date "2002.04.19"]
[Round "6"]
[White "Jensen, Dan Bronnum"]
[Black "Abdi, Farhad"]
[Result "0-1"]
[WhiteElo "1234"]
[BlackElo "1298"]
[PlyCount "160"]
[EventDate "2002.??.??"]

1. e4 Nc6 2. Nf3 e5 3. d4 exd4 4. Bc4 Na5 5. Bd3 c5 6. O-O Be7 7. Bf4 Nf6 8. c3
c4 9. Bc2 dxc3 10. Nxc3 O-O 11. e5 Ne8 12. Qd5 Qb6 13. Qe4 Qg6 14. Qe2 Qa6 15.
Be4 Nc7 16. Qc2 g6 17. h4 Ne6 18. Bh6 Re8 19. h5 Bf8 20. Bxf8 Nxf8 21. hxg6
Nxg6 22. Bxg6 Qxg6 23. Qa4 Nc6 24. Rfe1 d6 25. Qxc4 Nxe5 26. Nxe5 dxe5 27. Re3
Kh8 28. Rae1 Be6 29. Qe2 f6 30. a3 Rac8 31. Rg3 Qf7 32. Qe3 a6 33. Qf3 Rg8 34.
Ne4 Bd5 35. Qxf6+ Qxf6 36. Nxf6 Rxg3 37. fxg3 Bf7 38. Rxe5 Rc7 39. Re2 Kg7 40.
Rf2 Rc5 41. Ne4 Rd5 42. Rd2 Rxd2 43. Nxd2 Bd5 44. Kf2 Kf6 45. Nf1 Ke5 46. Ne3
Be6 47. Kf3 Kd4 48. g4 Kd3 49. g5 b5 50. g4 a5 51. Nf5 Kc2 52. Nd4+ Kxb2 53.
Nxe6 Kxa3 54. Ke3 b4 55. Kd2 b3 56. Nd4 Kb4 57. Kc1 a4 58. Kb1 a3 59. Ne2 Kc4
60. Nc1 Kc3 61. Ne2+ Kd2 62. Nd4 Kc3 63. Ne2+ Kd2 64. Nd4 Kc3 65. Ne2+ Kd3 66.
Nc1+ Kc4 67. Ne2 Kd3 68. Nc1+ Kc3 69. Ne2+ Kd2 70. Nd4 b2 71. Nb5 Ke3 72. Nd6
Kf4 73. Nf7 Kxg4 74. Ka2 Kf5 75. Nd6+ Kxg5 76. Nc4 h5 77. Nxa3 h4 78. Nc2 h3
79. Ne1 Kg4 80. Nd3 Kg3 0-1

[Event "13. Lovsprings EMT Basis 2 2002"]
[Site "Ringsted"]
[Date "2002.04.19"]
[Round "6"]
[White "Mortensen, Orla Lind"]
[Black "Jorgensen, Mikkel"]
[Result "1-0"]
[WhiteElo "1573"]
[BlackElo "1588"]
[PlyCount "77"]
[EventDate "2002.??.??"]

1. e4 c6 2. d4 d5 3. Nc3 dxe4 4. Nxe4 Nf6 5. Nxf6+ gxf6 6. Nf3 Bf5 7. Bd3 Bg6
8. Bxg6 hxg6 9. c3 Qc7 10. g3 g5 11. Qe2 e6 12. Bd2 Nd7 13. O-O-O O-O-O 14. Kb1
Be7 15. c4 Bd6 16. Rc1 c5 17. Be3 Qc6 18. Nd2 cxd4 19. Bxd4 Bc5 20. Nb3 e5 21.
Be3 Qe4+ 22. Ka1 Bxe3 23. fxe3 Rh3 24. Nd2 Qc6 25. c5 Kb8 26. Nb3 Rdh8 27. Na5
Qa4 28. Qd2 Ka8 29. c6 bxc6 30. Nxc6 Nb6 31. Qg2 e4 32. Nd4 Qe8 33. Qe2 Qd7 34.
Rc3 Qa4 35. Ra3 Qc4 36. Qg2 Qd5 37. Rc3 Nc4 38. Qc2 Rb8 39. Rxc4 1-0

[Event "13. Lovsprings EMT Basis 2 2002"]
[Site "Ringsted"]
[Date "2002.04.19"]
[Round "6"]
[White "Pedersen, Allan"]
[Black "Jorgensen, Morten"]
[Result "1/2-1/2"]
[WhiteElo "1536"]
[BlackElo "1499"]
[PlyCount "80"]
[EventDate "2002.??.??"]

1. c4 Nf6 2. Nc3 e6 3. g3 c5 4. Bg2 Nc6 5. e4 d6 6. Nge2 Be7 7. O-O O-O 8. b3
a6 9. Bb2 Rb8 10. d4 cxd4 11. Nxd4 Qc7 12. Nc2 Bd7 13. Ne3 Rbd8 14. Qd2 Rfe8
15. Rad1 Qa5 16. Qc1 Ne5 17. h3 Bc6 18. Qb1 Ned7 19. Nc2 b5 20. Nd4 Nb8 21.
Nxc6 Nxc6 22. cxb5 axb5 23. Ne2 Qc7 24. a3 Rc8 25. Rc1 Qb6 26. Rfd1 Na5 27. Bd4
Qa6 28. Qb2 Red8 29. Rxc8 Rxc8 30. Bc3 Nb7 31. b4 Rc4 32. f3 d5 33. e5 Nd7 34.
Bd4 Nb6 35. Nc3 Na4 36. Nxa4 Qxa4 37. Rd2 Bxb4 38. axb4 Rxb4 39. Qc3 Rc4 40.
Qb2 Rb4 1/2-1/2

[Event "13. Lovsprings EMT Basis 2 2002"]
[Site "Ringsted"]
[Date "2002.04.19"]
[Round "6"]
[White "Petersen, Torben William"]
[Black "Pedersen, Jon"]
[Result "1-0"]
[WhiteElo "1365"]
[BlackElo "1438"]
[PlyCount "39"]
[EventDate "2002.??.??"]

1. d4 d5 2. c4 c6 3. Nc3 dxc4 4. e3 b5 5. a4 b4 6. Na2 b3 7. Nc3 Ba6 8. Nf3 e6
9. Ne5 Nd7 10. Qf3 Nxe5 11. dxe5 Qc7 12. Qe4 Bb4 13. Bd2 Ne7 14. Bxc4 Bxc4 15.
Qxc4 Nd5 16. O-O O-O 17. Nxd5 exd5 18. Qxb4 Qxe5 19. Bc3 Rab8 20. Qxf8+ 1-0

[Event "13. Lovsprings EMT Basis 2 2002"]
[Site "Ringsted"]
[Date "2002.04.19"]
[Round "6"]
[White "Wagner, Tim"]
[Black "Nilsson, Jonas Gosta"]
[Result "0-1"]
[WhiteElo "1582"]
[BlackElo "1558"]
[PlyCount "98"]
[EventDate "2002.??.??"]

1. e4 e5 2. Nf3 Nc6 3. Bc4 Bc5 4. d3 Nf6 5. Bg5 d6 6. h3 h6 7. Bd2 Qe7 8. Nc3
Bd7 9. Na4 O-O-O 10. Nxc5 dxc5 11. Qe2 g5 12. Bb5 Nd4 13. Nxd4 exd4 14. Bxd7+
Nxd7 15. O-O-O f5 16. Rhe1 Qe5 17. g3 Qe6 18. Kb1 fxe4 19. Qxe4 Qf7 20. f4 gxf4
21. Bxf4 Qh5 22. Qg2 Rhe8 23. Rc1 Rg8 24. Qh2 Qg6 25. Qd2 h5 26. a3 Nb6 27. Qa5
Qc6 28. Re5 Rd5 29. Rce1 a6 30. Re7 Rd7 31. Re8+ Rxe8 32. Rxe8+ Rd8 33. Re1 Nd5
34. Bg5 Rg8 35. h4 Qd6 36. Rg1 b5 37. Qd2 Qb6 38. Rf1 c4 39. dxc4 bxc4 40. Kc1
c3 41. bxc3 Nxc3 42. Qd3 Re8 43. Qf3 Kb8 44. Qf7 Qb1+ 45. Kd2 Re2+ 46. Kd3
Qxc2+ 47. Kxd4 Re4+ 48. Kc5 Na4+ 49. Kd5 Qc4# 0-1

[Event "13. Lovsprings EMT Basis 2 2002"]
[Site "Ringsted"]
[Date "2002.05.03"]
[Round "7"]
[White "Abdi, Farhad"]
[Black "Jorgensen, Morten"]
[Result "1/2-1/2"]
[WhiteElo "1298"]
[BlackElo "1499"]
[PlyCount "78"]
[EventDate "2002.??.??"]

1. c4 Nf6 2. d4 g6 3. Nc3 d5 4. e3 Bg7 5. Nf3 O-O 6. Be2 Bg4 7. cxd5 Nxd5 8.
Nxd5 Qxd5 9. O-O c6 10. Bd2 Nd7 11. Bc3 Rfe8 12. Qc2 Nf6 13. Qb3 Qxb3 14. axb3
Ne4 15. Rac1 Rac8 16. Rfe1 Red8 17. Nd2 Bxe2 18. Rxe2 Nxd2 19. Bxd2 e5 20. dxe5
Bxe5 21. Bc3 Rd5 22. Bxe5 Rxe5 23. Rd2 Rb5 24. Rc3 Kf8 25. Kf1 Ke7 26. Ke2 Rd8
27. Rxd8 Kxd8 28. Kd2 Kd7 29. Kc2 Kd6 30. Rc4 Rg5 31. g3 Rc5 32. Rxc5 Kxc5 33.
Kc3 f5 34. f3 Kd5 35. h4 h5 36. Kd3 b5 37. e4+ fxe4+ 38. fxe4+ Ke5 39. b4 a6
1/2-1/2

[Event "13. Lovsprings EMT Basis 2 2002"]
[Site "Ringsted"]
[Date "2002.05.03"]
[Round "7"]
[White "Jensen, Dan Bronnum"]
[Black "Pedersen, Allan"]
[Result "0-1"]
[WhiteElo "1234"]
[BlackElo "1536"]
[PlyCount "98"]
[EventDate "2002.??.??"]

1. c4 Nf6 2. Nc3 e6 3. e4 d6 4. Nf3 Be7 5. g3 O-O 6. Bg2 c6 7. O-O Nbd7 8. d4
e5 9. dxe5 dxe5 10. a3 Qc7 11. b4 Rd8 12. Qc2 Nf8 13. Bg5 h6 14. Bxf6 Bxf6 15.
Rfd1 Be6 16. c5 Be7 17. Rxd8 Rxd8 18. Rd1 Rxd1+ 19. Qxd1 f6 20. Nh4 g6 21. Qd2
Kh7 22. Qc2 Qd7 23. Qa4 a6 24. Qc2 Qd8 25. Nf3 g5 26. h4 Qd7 27. hxg5 hxg5 28.
Qe2 Bg4 29. Qc2 Ne6 30. Nh2 Nd4 31. Qb1 Bh5 32. f3 g4 33. Qf1 gxf3 34. Bxf3
Bxf3 35. Nxf3 Qg4 36. Kg2 Qxf3+ 37. Qxf3 Nxf3 38. Kxf3 a5 39. Kg4 Kg6 40. Kf3
Bf8 41. Kg4 axb4 42. axb4 Bh6 43. Kh4 Bd2 44. Na2 f5 45. Kh3 fxe4 46. Kg2 Kg5
47. Kf2 Kg4 48. Ke2 e3 49. Kd1 Kxg3 0-1

[Event "13. Lovsprings EMT Basis 2 2002"]
[Site "Ringsted"]
[Date "2002.05.03"]
[Round "7"]
[White "Nilsson, Jonas Gosta"]
[Black "Larsen, Dennis"]
[Result "1-0"]
[WhiteElo "1558"]
[BlackElo "1584"]
[PlyCount "69"]
[EventDate "2002.??.??"]

1. b4 e5 2. Bb2 d6 3. c4 f5 4. e3 Nf6 5. Be2 Be7 6. Nf3 O-O 7. O-O Kh8 8. d3
Be6 9. Nc3 Nbd7 10. Ng5 Bg8 11. f4 h6 12. Nh3 Be6 13. fxe5 dxe5 14. c5 a5 15.
a3 c6 16. d4 axb4 17. axb4 Qc7 18. Qd2 e4 19. Nf4 Bf7 20. d5 cxd5 21. Ncxd5
Nxd5 22. Nxd5 Bxd5 23. Qxd5 Rxa1 24. Bxa1 Bf6 25. Bxf6 Nxf6 26. Qxf5 Ra8 27. g4
Ra3 28. g5 hxg5 29. Qh3+ Kg8 30. Bc4+ Kf8 31. Qh8+ Ke7 32. Qxg7+ Kd8 33. Qxf6+
Kc8 34. Qh8+ Qd8 35. Be6+ 1-0

[Event "13. Lovsprings EMT Basis 2 2002"]
[Site "Ringsted"]
[Date "2002.05.03"]
[Round "7"]
[White "Pedersen, Jon"]
[Black "Jorgensen, Mikkel"]
[Result "1/2-1/2"]
[WhiteElo "1438"]
[BlackElo "1588"]
[PlyCount "69"]
[EventDate "2002.??.??"]

1. e4 c5 2. Nf3 Nc6 3. d4 cxd4 4. Nxd4 e5 5. Nb3 Nf6 6. Bg5 h6 7. Bxf6 Qxf6 8.
N1d2 d6 9. Bc4 a6 10. O-O Be7 11. c3 O-O 12. Qe2 Bd8 13. Nc1 Bb6 14. Nd3 Ba7
15. a4 Qg6 16. Kh1 Kh8 17. Nb4 Nxb4 18. cxb4 f5 19. Bd5 fxe4 20. Bxe4 Qe6 21.
Qc4 Qe7 22. Nf3 Be6 23. Qd3 Rac8 24. Bd5 Bxd5 25. Qxd5 Rc2 26. Qe4 Rfc8 27. Nh4
Qf7 28. Nf5 Bb8 29. Ne3 Rxf2 30. Rxf2 Qxf2 31. Rf1 Qxb2 32. Qxb7 Qc1 33. Qxa6
Qc3 34. Nd5 Qc2 35. Ne3 1/2-1/2

[Event "13. Lovsprings EMT Basis 2 2002"]
[Site "Ringsted"]
[Date "2002.05.03"]
[Round "7"]
[White "Petersen, Torben William"]
[Black "Christensen, Michael"]
[Result "0-1"]
[WhiteElo "1365"]
[BlackElo "1419"]
[PlyCount "118"]
[EventDate "2002.??.??"]

1. d4 d5 2. c4 e6 3. Nc3 Nf6 4. Bg5 c6 5. e3 Be7 6. Nf3 Nbd7 7. cxd5 Nxd5 8.
Nxd5 cxd5 9. Bxe7 Qxe7 10. Bd3 Qb4+ 11. Qd2 Qxd2+ 12. Kxd2 O-O 13. Rac1 f6 14.
Ke2 Nb6 15. Rc7 a6 16. b3 Rb8 17. Rhc1 Bd7 18. a4 Bc6 19. a5 Na8 20. Re7 Rfe8
21. Rxe8+ Bxe8 22. Nd2 Bd7 23. b4 Rc8 24. Rxc8+ Bxc8 25. Nb3 Nc7 26. Nc5 Kf7
27. g3 h6 28. h4 e5 29. dxe5 fxe5 30. e4 Kf6 31. exd5 Nxd5 32. Ne4+ Ke7 33. Bc4
Nxb4 34. Nd2 Kd6 35. Nb3 Bd7 36. Kd2 Ba4 37. Kc3 Nc6 38. Bf1 Bxb3 39. Kxb3
Nxa5+ 40. Kb4 Nc6+ 41. Kc3 b5 42. Bg2 Kc5 43. Kb2 Nd4 44. Kc3 a5 45. Be4 b4+
46. Kb2 a4 47. f3 a3+ 48. Ka2 Kc4 49. g4 Kc3 50. Bd5 Ne2 51. Bg8 Nc1+ 52. Kb1
a2+ 53. Bxa2 Nxa2 54. Kxa2 Kd3 55. Kb3 Ke3 56. g5 Kxf3 57. Kxb4 e4 58. Kc3 Kf2
59. Kd4 e3 0-1

[Event "13. Lovsprings EMT Basis 2 2002"]
[Site "Ringsted"]
[Date "2002.05.03"]
[Round "7"]
[White "Wagner, Tim"]
[Black "Mortensen, Orla Lind"]
[Result "1-0"]
[WhiteElo "1582"]
[BlackElo "1573"]
[PlyCount "111"]
[EventDate "2002.??.??"]

1. e4 e6 2. Nf3 d5 3. Nc3 dxe4 4. Nxe4 Nc6 5. Bb5 Bd7 6. d4 a6 7. Be2 Be7 8.
Bg5 Nf6 9. Nc5 Qc8 10. O-O O-O 11. Bd3 Bxc5 12. Bxf6 gxf6 13. dxc5 Kh8 14. Qd2
f5 15. Rad1 e5 16. Qh6 f6 17. Bc4 Be6 18. Ng5 fxg5 19. Bxe6 Qe8 20. Rd7 Qg6 21.
Qxg6 hxg6 22. Rxc7 Rfd8 23. c3 Rab8 24. b4 Rd2 25. Ra1 Na7 26. Bc4 Nc6 27. Bxa6
Nxb4 28. cxb4 bxa6 29. a3 Rbd8 30. Kf1 Rc2 31. Kg1 Rdd2 32. Rf1 e4 33. Rc6 e3
34. Rd6 exf2+ 35. Kh1 Re2 36. Rdd1 Rcd2 37. Rxd2 Rxd2 38. g3 Ra2 39. Kg2 Rxa3
40. Rxf2 Rb3 41. Ra2 Rxb4 42. Rxa6 Kg7 43. c6 Rc4 44. Ra7+ Kh6 45. c7 g4 46.
Kf2 Rc3 47. Ke2 Kg5 48. Kd2 Rc4 49. Kd3 Rc1 50. Kd4 Kf6 51. Kd5 Rd1+ 52. Kc6
Rc1+ 53. Kb7 Rb1+ 54. Ka8 Rc1 55. Kb8 Rb1+ 56. Rb7 1-0